Memoirs of a statesman /

Bibliographic Details
Main Author: Faulkner, Brian, 1921-1977
Other Authors: Houston, John
Format: Book
Language:English
Published: London : Weidenfeld & Nicolson, 1978.
Subjects:

MARC

Tag First Indicator Second Indicator Subfields
LEADER 00000cam a2200000 i 4500
001 in00000213926
005 20151009060542.0
008 790314s1978 enkcf 00110aeng
010 |a  78322427  
015 |a GB*** 
020 |a 0297774786 :  |c 6.95 
035 |a (OCoLC)04402138 
035 |9 AAX3894AM 
040 |a DLC  |c DLC  |d TXA  |d UtOrBLW 
043 |a e-uk-ni 
049 |a TXAM  |c [1189360] 
050 0 0 |a DA990.U452  |b F383 1978 
082 0 |a 941.6082/4/0924  |a B 
100 1 |a Faulkner, Brian,  |d 1921-1977. 
245 1 0 |a Memoirs of a statesman /  |c Brian Faulkner ; edited by John Houston. 
264 1 |a London :  |b Weidenfeld & Nicolson,  |c 1978. 
300 |a xiii, 306 pages 4 unnumbered leaves of plates :  |b portraits ;  |c 24 cm. 
336 |a text  |b txt  |2 rdacontent 
337 |a unmediated  |b n  |2 rdamedia 
338 |a volume  |b nc  |2 rdacarrier 
500 |a Includes index. 
600 1 0 |a Faulkner, Brian,  |d 1921-1977. 
650 0 |a Prime ministers  |z Northern Ireland  |x Biography. 
651 0 |a Northern Ireland  |x Politics and government. 
700 1 |a Houston, John. 
999 |a MARS 
999 f f |s 90dc1a5f-7d52-389a-b535-48b8f8c8f807  |i 0d8ffdbb-a679-3399-b97b-fc329fd5d5d8  |t 0 
952 f f |p ric  |a Texas A&M University  |b Rellis Campus  |c Joint Library Facility  |d Remote Storage  |t 0  |e DA990.U452 F383 1978  |h Library of Congress classification  |i unmediated -- volume  |m A14801948088 
998 f f |a DA990.U452 F383 1978  |t 0  |l Remote Storage